Properties of baked starch foam with natural rubber latex (Record no. 65974)
[ view plain ]
| 000 -LEADER | |
|---|---|
| fixed length control field | 00512nam a2200205Ia 4500 |
| 100 ## - MAIN ENTRY--AUTHOR NAME | |
| Personal name | Shey J |
| 245 #0 - TITLE STATEMENT | |
| Title | Properties of baked starch foam with natural rubber latex |
| 260 ## - PUBLICATION, DISTRIBUTION, ETC. (IMPRINT) | |
| Name of publisher | Industrial Crops and Products |
| Year of publication | 2006 |
| 300 ## - PHYSICAL DESCRIPTION | |
| Number of Pages | 34-40 |
| 650 ## - SUBJECT ADDED ENTRY--TOPICAL TERM | |
| Topical Term | Maize starch |
| 650 ## - SUBJECT ADDED ENTRY--TOPICAL TERM | |
| Topical Term | Plant products |
| 650 ## - SUBJECT ADDED ENTRY--TOPICAL TERM | |
| Topical Term | PLastics |
| 650 ## - SUBJECT ADDED ENTRY--TOPICAL TERM | |
| Topical Term | Potato starch |
| 700 ## - ADDED ENTRY--PERSONAL NAME | |
| Personal name | Glenn G M |
| 700 ## - ADDED ENTRY--PERSONAL NAME | |
| Personal name | Imam S H |
| 700 ## - ADDED ENTRY--PERSONAL NAME | |
| Personal name | Orts W J |
| 856 ## - ELECTRONIC LOCATION AND ACCESS | |
| Uniform Resource Identifier | CAB CD |
| 942 ## - ADDED ENTRY ELEMENTS (KOHA) | |
| Koha item type | Journals |
| Withdrawn status | Lost status | Damaged status | Not for loan | Home library | Current library | Shelving location | Date acquired | Serial Enumeration / chronology | Koha item type |
|---|---|---|---|---|---|---|---|---|---|
| Journals | RRII Library | RRII Library | Rubber chemistry | 01/01/2021 | Volume 24, Issue 1 | Journals |